00431pab a2200145 454500008004000000100002600040245007700066260000900143300001300152362001100165650003700176650002300213650001500236773003400251180718b2009 xxu||||| |||| 00| 0 eng d aBhattacharjea, Aditya aThe effects of employment protection legislation on Indian manufacturing c2009 ap.55-62. a30 May aIndia - Manufacturing industries aLabour law - India aLabour law aEconomic and Political Weekly